| 000 -LEADER |
| fixed length control field |
00563nam a22002057a 4500 |
| 008 - FIXED-LENGTH DATA ELEMENTS--GENERAL INFORMATION |
| fixed length control field |
150923b xxu||||| |||| 00| 0 eng d |
| 020 ## - INTERNATIONAL STANDARD BOOK NUMBER |
| International Standard Book Number |
0471426385 |
| 041 0# - LANGUAGE CODE |
| Language code of text/sound track or separate title |
eng |
| 080 ## - UNIVERSAL DECIMAL CLASSIFICATION NUMBER |
| Universal Decimal Classification number |
657 |
| 100 1# - Rafti |
| Rafti |
Kieso, Donald E. |
| 245 10 - TITLE STATEMENT |
| Title |
Intermediate accounting / |
| Statement of responsibility, etc |
Donald E. Kieso, Jerry J. Weygandt, Terry D. Warfield. |
| 250 ## - |
| -- |
11th ed. |
| 260 ## - |
| -- |
New York : |
| -- |
J. Wiley, |
| -- |
2004. |
| 300 ## - |
| -- |
2 v. : |
| -- |
me il.; |
| -- |
29 cm. |
| 490 ## - |
| -- |
Volume II |
| 650 #0 - |
| -- |
Kontabilitet |
| 700 1# - |
| -- |
Weygandt, Jerry J. |
| 700 1# - |
| -- |
Warfield, Terry D. |
| 942 ## - ADDED ENTRY ELEMENTS (KOHA) |
| Source of classification or shelving scheme |
|
| Item type |
Books |